000 02004ntm a2200289 a 4500
001 37160
003 BD-RjUL
005 20211209052602.0
008 141021s2013 bg a|||| mb|| 00| 0 ben d
035 _a(BD-RjUL)37262
040 _aBD-RjUL
_bben
_cBD-RjUL
_dBD-RjUL
041 _aeng
082 _221
_a891.4392509
_bBAA 2013
100 _aবানু, মোছা. উম্মে কুলসুম আকতার
_9113627
245 _aআগা হাশর কাশ্মীরির উর্দু নাটক :
_bবিষয় ও আঙ্গিক /
_cমোছা. উম্মে কুলসুম আকতার বানু ;
_6তত্ত্বাবধায়ক : লতিফ আহমেদ ; সহ-তত্ত্বাবধায়ক : কুলসুম আবুল বাশার মজুমদার
260 _aরাজশাহী :
_bভাষা বিভাগ, রাজশাহী বিশ্ববিদ্যালয়,
_c২০১৩.
300 _a২১২পাতা;
_c২৯ সেমি.
502 _aথিসিস (পিএইচ. ডি.)--ভাষা বিভাগ, রাজশাহী বিশ্ববিদ্যালয়, ২০১৩.
504 _aগ্রন্থপঞ্জি: পাতা ২০৪-২১২
600 _aকাশ্মীরি, আগা হাশর
_d১৮৭৯-১৯৩৫
_xসমালোচনা ও ব্যাখা
_9119181
600 _aKashmiri, Aga Hashar
_d1879-1935
_xCriticism and Interpretations
_9119182
650 _aউর্দু নাটক
_vইতিহাস ও সমালোচনা
_y১৮০০-১৯৪৫
_9109266
650 _aUrdu Drama
_vHistory and Criticism
_y1800-1945
_9109248
700 _aআহমেদ, লতিফ, তত্ত্বাবধায়ক
_9113628
700 _a মজুমদার, কুলসুম আবুল বাশার, সহ-তত্ত্বাবধায়ক
_9113629
942 _2ddc
_cTHE
999 _c37160
_d37160